000 004590000a22001810004500
020 _a0-89107-415-5
041 0 _aENG
082 0 4 _aG 252.3 P1196m
100 1 _aLloyd-Jones, D. Martyn (David)
245 1 0 _aRevival / D. MartynLloyd-Jones
260 _aWheaton, ILL., USA : Crossway
300 _a316 Pag
001 6250
942 _cBK
999 _c36523
_d36523
336 _atexto
_btxt
_2rdacontent
337 _2rdamedia
_asin mediación
_bn
338 _2rdacarrier
_avolumen
_bnc